Principios de mejoramiento y manejo de pastizales naturales /
Guardado en:
| Autor Principal: | |
|---|---|
| Formato: | Libro |
| Publicado: |
Buenos Aires :
Orientación Gráfica ; Cadia,
1982.
|
| Edición: | 1a. ed. |
| Materias: | |
| Etiquetas: |
Agregar Etiqueta
Sin Etiquetas, Sea el primero en etiquetar este registro!
|
| LEADER | 01035nam a22002415a 4500 | ||
|---|---|---|---|
| 001 | CEM.cems016008 | ||
| 008 | 130507s1982##################000#0#####d | ||
| 005 | 20240410083821.0 | ||
| 245 | 1 | 0 | |a Principios de mejoramiento y manejo de pastizales naturales / |c R Merton Love |
| 250 | |a 1a. ed. | ||
| 260 | |a Buenos Aires : |b Orientación Gráfica ; Cadia, |c 1982. | ||
| 300 | |a 67 p. ; 15 cm. | ||
| 505 | 0 | |a Vegetación, agricultura y población -- Principios de manejo de pastizales naturales -- Enfoque agronómico del mejoramiento de pastizales naturales -- Pastoreo con descansos rotativos | |
| 100 | 1 | |a Merton Love, R | |
| 082 | 0 | 4 | |a 333.7413 |
| 600 | 1 | 4 | |a Merton Love, R. |
| 653 | |a Agricultura | ||
| 653 | |a Pastizales naturales | ||
| 653 | |a Pasturas | ||
| 859 | |a CEMS |b BIB. CEMS - Agricultura |h 633.2 |i M558 |p A11976.83 |t Ej.1 | ||
| 859 | |a CEMS |b BIB. CEMS - Agricultura |h 633.2 |i M558 |p A1064.09 |t Ej.2 | ||
| 859 | |a CEMS |b BIB. CEMS - Agricultura |h 633.2 |i M558 |p A1065.09 |t Ej.3 | ||
| 859 | |a CEMS |b BIB. CEMS - Agricultura |h 633.2 |i M558 |p A1872.13 |t Ej.4 | ||
